000 00836nam a2200229Ii 4500
003 JO-AjNU
008 230605s9999||||xx |||||||||||||| ||und||
017 _a2011/9/3345
020 _a978-9957-16-745-5
040 _aJO-AjNU
_bara
_erda
_cJO-AjNU
041 _aara
050 1 4 _aLC4015 2010
100 3 _aالجوالده، فؤاد عيد مؤلف/القمش، مصطفى نوري م.مشارك ,
_eauthor
_942637
245 0 0 _aالبرامج التربوية والأساليب العلاجية لذوي الحاجات الخاصة
250 _aط1
264 3 1 _aعمان:دار الثقافة،2012
300 _a480ص
336 _atext
_btxt
_2rdacontent
337 _aunmediated
_bn
_2rdamedia
338 _avolume
_bnc
_2rdacarrier
650 4 _aالتربية الخاصة-برامج تربوية وأساليب
_942638
999 _aA18271
_c21839
_d21839